Medicina Legal / (Registro nro. 591)

Detalles MARC
000 -LEADER
fixed length control field 01450 am a2200433 a 4500
005 - FECHA ULTIMA MODIFICACION
control field 20240214135520.0
008 - CAMPO DE CONTROL (LIBRO)
fixed length control field 100810s2001||||ag d f |||| 001 0 spa d
020 ## - INTERNATIONAL STANDARD BOOK NUMBER
ISBN 9509755214
041 ## - CODIGO DE IDIOMA
Código de idioma del texto/pista de sonido o título separado spa
092 ## - SIGNATURA TOPOGRAFICA DEWEY LOCAL
número de clasificación 614.1
libristica 65
sección PAT
100 1# - ENTRADA PRINCIPAL--NOMBRE PERSONAL
Nombre personal Patitó, José Ángel.
9 (RLIN) 527
245 ## - TITULO PROPIAMENTE DICHO
Título Medicina Legal /
Mención de responsabilidad y remanente de la transcripción de la portada José Ángel Patitó.
250 ## - MENCION DE EDICION
Mención de edición 2a ed. actualizada.
Mención de responsabilidad relacionada con la ed. Editor Carlos Vicino
260 ## - PIE DE IMPRENTA
Lugar de publicación, distribución, etc Buenos Aires:
Nombre de la editorial, distribuidor, etc Ediciones Centro Norte;
Fecha de publicación 2001.
300 ## - DESCRIPCION FISICA
Extension 477 p.
500 ## - NOTA GENERAL
Nota general Patitó, J. A. (2001). Manual de medicina legal. (2a ed). Buenos Aires : Ediciones Centro Norte.
653 ## - TÉRMINO INDIZADO - PALABRAS CLAVES
Palabra clave Ejercicio legal e ilegal de la medicina
653 ## - TÉRMINO INDIZADO - PALABRAS CLAVES
Palabra clave Responsabilidad médica
653 ## - TÉRMINO INDIZADO - PALABRAS CLAVES
Palabra clave Secreto médico
653 ## - TÉRMINO INDIZADO - PALABRAS CLAVES
Palabra clave Documentación médica
653 ## - TÉRMINO INDIZADO - PALABRAS CLAVES
Palabra clave Honorarios médicos
653 ## - TÉRMINO INDIZADO - PALABRAS CLAVES
Palabra clave Actividad o labor médico legal
653 ## - TÉRMINO INDIZADO - PALABRAS CLAVES
Palabra clave Etica y medicina
653 ## - TÉRMINO INDIZADO - PALABRAS CLAVES
Palabra clave Muerte y medicina legal
653 ## - TÉRMINO INDIZADO - PALABRAS CLAVES
Palabra clave Asfixiología
653 ## - TÉRMINO INDIZADO - PALABRAS CLAVES
Palabra clave Lesionología medicolegal
653 ## - TÉRMINO INDIZADO - PALABRAS CLAVES
Palabra clave Criminalística
653 ## - TÉRMINO INDIZADO - PALABRAS CLAVES
Palabra clave Tocoginecología forense
653 ## - TÉRMINO INDIZADO - PALABRAS CLAVES
Palabra clave Sexología medicolegal
653 ## - TÉRMINO INDIZADO - PALABRAS CLAVES
Palabra clave Psiquiatría médico legal
653 ## - TÉRMINO INDIZADO - PALABRAS CLAVES
Palabra clave Aspectos medicolegales del SIDA
653 ## - TÉRMINO INDIZADO - PALABRAS CLAVES
Palabra clave Violencia familiar
653 ## - TÉRMINO INDIZADO - PALABRAS CLAVES
Palabra clave Ablación e implantación de órganos y materiales anatómicos
653 ## - TÉRMINO INDIZADO - PALABRAS CLAVES
Palabra clave Medicina legal del trabajo
653 ## - TÉRMINO INDIZADO - PALABRAS CLAVES
Palabra clave Médico antes emergencias y catástrofes
930 ## - NUMERO DE INVENTARIO
Número de inventario 1053
930 ## - NUMERO DE INVENTARIO
Número de inventario 1052
942 ## - ADDED ENTRY ELEMENTS (KOHA)
Source of classification or shelving scheme Dewey Decimal Classification
Item type Libros
Existencias
Estado de retiro Existencia Estado general No para prestamo Ubicación permanente ubicación actual Sala de ubicación Fecha de adquisición Total Checkouts Número de clasificación Código de barras Date last seen Date last borrowed Número de ejemplar Price effective from Koha tipo de elemento (item)
        Biblioteca Medicina Biblioteca Medicina Circulación 13/05/2011 2 614.1 65 PAT 1053 06/11/2014 20/10/2014 ej.2 13/05/2011 Libros
        Biblioteca Medicina Biblioteca Medicina Circulación 13/05/2011 5 614.1 65 PAT 1052 06/11/2014 22/10/2014 ej.1 13/05/2011 Libros

UNIVERSIDAD NACIONAL DEL COMAHUE
Biblioteca de la Facultad de Ciencias Médicas
Sede Toschi: Los Arrayanes y Av. Toschi, Cipolletti  - Rio Negro
Sede Los Tordos:  Yrigoyen al 2211, Cipolletti - Rio Negro 

Teléfono: 0299 - 4774707 int 25
Contacto: biblioteca@facimed.uncoma.edu.ar
© 2011 - 2026